[Event "Staatsliga B - Ost 2002/03"]
[Site "Stockerau, Alte Au - Blabolilheim"]
[Date "2002.03.09"]
[Round "11"]
[Board "3"]
[White "Vavrak, Peter"]
[Black "Todor, Razvan"]
[Result "1/2-1/2"]
[WhiteElo "2397"]
[BlackElo "2202"]
[PlyCount "82"]

1.Nf3 d5 2.d4 Nc6 3.g3 Bg4 4.Bg2 Qd7 5.c4 e6 6.cxd5 exd5 7.Nc3 Bb4 8.O-O Nge7
9.Re1 O-O 10.a3 Ba5 11.Bf4 Bb6 12.Na4 Ng6 13.Be3 Nce7 14.Nxb6 axb6 15.Qd2 c6
16.Rad1 Nf5 17.Bf4 Bxf3 18.Bxf3 Nxf4 19.Qxf4 Nd6 20.Bg2 Ra4 21.Qc1 Qf5 22.b3 Ra5
23.f3 Rfa8 24.e4 Qe6 25.e5 Nb5 26.a4 Nc7 27.f4 b5 28.Qb1 g6 29.Bf1 bxa4 30.bxa4
b5 31.axb5 Nxb5 32.Bxb5 Rxb5 33.Qc2 Rba5 34.Rd2 Ra4 35.Kg2 Rc4 36.Qb2 Raa4
37.Qb6 Kg7 38.Ree2 Rcb4 39.Qc5 Rc4 40.Qb6 Rcb4 41.Qc5 Rc4

[Event "Staatsliga B - Ost 2002/03"]
[Site "Stockerau, Alte Au - Blabolilheim"]
[Date "2002.03.09"]
[Round "11"]
[Board "4"]
[White "Trkulja, Zoran"]
[Black "Stranz, Richard"]
[Result "1/2-1/2"]
[WhiteElo "2232"]
[BlackElo "2252"]
[PlyCount "83"]

1.e4 c5 2.Nf3 Nc6 3.d4 cxd4 4.Nxd4 Nf6 5.Nxc6 bxc6 6.Bd3 e5 7.O-O Be7 8.c4 O-O
9.Nc3 d6 10.Qe2 Be6 11.b3 Re8 12.Bb2 Bf8 13.Rad1 Qc7 14.Rc1 Rad8 15.Nd5 Bxd5
16.cxd5 c5 17.b4 Rb8 18.bxc5 dxc5 19.Bc3 Rec8 20.Ba6 Rd8 21.Bc4 Bd6 22.g3 Qe7
23.Rce1 Nd7 24.f4 Rf8 25.f5 f6 26.Kh1 Nb6 27.Bb5 Rfc8 28.Ba5 Bc7 29.Bxb6 Rxb6
30.Bc4 Bd6 31.Rb1 Rcb8 32.Rb3 Rb4 33.Rfb1 a5 34.a3 Rxb3 35.Rxb3 Rxb3 36.Bxb3 Qb7
37.Qc4 Kf7 38.Kg2 Ke7 39.Kf3 Qb6 40.Ke2 Kd8 41.Kd3 Ke7 42.Kc2

[Event "Staatsliga B - Ost 2002/03"]
[Site "Stockerau, Alte Au - Blabolilheim"]
[Date "2002.03.09"]
[Round "11"]
[Board "5"]
[White "Krpelan, Wolfgang"]
[Black "Allacher, Erwin"]
[Result "1/2-1/2"]
[WhiteElo "2217"]
[BlackElo "2214"]
[PlyCount "124"]

1.d4 d5 2.c4 e6 3.Nc3 Nf6 4.Bg5 Be7 5.e3 O-O 6.Nf3 b6 7.Bxf6 Bxf6 8.cxd5 exd5
9.Rc1 Be6 10.Qa4 c5 11.Bb5 a6 12.dxc5 bxc5 13.Be2 Qb6 14.b3 Nc6 15.O-O Rfc8
16.Rfd1 Ne7 17.h3 Ra7 18.Qa3 Bxc3 19.Rxc3 a5 20.Rdc1 Rac7 21.Qa4 Rb8 22.Qf4 Ng6
23.Qg3 Rbc8 24.Nd4 Nf8 25.Bf3 Rd7 26.Ne2 Rd6 27.Qh4 f6 28.Qa4 Nd7 29.Qf4 Ne5
30.Nd4 Rcd8 31.Nxe6 Rxe6 32.Qf5 Nxf3+ 33.Qxf3 Rc6 34.Rd3 Rcd6 35.Rdc3 Rc6 36.Qf5
Qc7 37.e4 dxe4 38.Qxe4 Qd6 39.Qc4+ Kh8 40.R3c2 h6 41.Qb5 Qc7 42.Re1 Kh7 43.g3
Rd7 44.Kh2 Rd8 45.Re7 Qxe7 46.Qxc6 Rd1 47.h4 Qe1 48.a4 Qg1+ 49.Kh3 Qf1+ 50.Qg2
Qxg2+ 51.Kxg2 Rd5 52.Kf3 Kg6 53.Ke4 Rd4+ 54.Ke3 Rd5 55.Rd2 Re5+ 56.Kd3 Kf5 57.f3
g5 58.hxg5 fxg5 59.Rh2 Kg6 60.g4 Rd5+ 61.Kc4 Rd4+ 62.Kc3 Rf4

[Event "Staatsliga B - Ost 2002/03"]
[Site "Stockerau, Alte Au - Blabolilheim"]
[Date "2002.03.09"]
[Round "11"]
[Board "6"]
[White "Leber, Franz"]
[Black "Ranits, Franz"]
[Result "1-0"]
[WhiteElo "2148"]
[BlackElo "2209"]
[PlyCount "87"]

1.d4 Nf6 2.c4 g6 3.Nc3 d5 4.Nf3 Bg7 5.Bf4 c5 6.dxc5 Qa5 7.cxd5 Nxd5 8.Qxd5 Bxc3+
9.Bd2 Be6 10.Bxc3 Qxc3+ 11.Qd2 Qxc5 12.Qd4 Qxd4 13.Nxd4 Bd5 14.Rc1 Nc6 15.Nxc6
Bxc6 16.e3 O-O 17.f3 Rac8 18.e4 Kg7 19.Be2 Rfd8 20.Rd1 Ba4 21.Rxd8 Rxd8 22.b3
Bc6 23.Bc4 Kf6 24.Ke2 g5 25.Ke3 e6 26.Rc1 h5 27.b4 Rd6 28.Be2 h4 29.b5 Be8
30.Rc8 Ke7 31.Ra8 Rb6 32.a4 a6 33.a5 Rd6 34.bxa6 bxa6 35.Rxa6 Rd7 36.Rb6 Rc7
37.a6 Rc3+ 38.Kd4 Ra3 39.Rb7+ Kf6 40.e5+ Kg7 41.Kc5 Ba4 42.Kb6 Bb3 43.a7 Bd5
44.Ba6

[Event "Staatsliga B - Ost 2002/03"]
[Site "Stockerau, Alte Au - Blabolilheim"]
[Date "2002.03.09"]
[Round "11"]
[Board "1"]
[White "Rotstein, Arkadij"]
[Black "Videki, Sandor"]
[Result "1/2-1/2"]
[WhiteElo "2544"]
[BlackElo "2424"]
[PlyCount "29"]

1.e4 c5 2.Nf3 d6 3.d4 cxd4 4.Nxd4 Nf6 5.Nc3 Nc6 6.Bg5 e6 7.Qd2 a6 8.O-O-O h6
9.Be3 Be7 10.f3 Qc7 11.Kb1 Bd7 12.g4 b5 13.Nxc6 Bxc6 14.Ne2 e5 15.Ng3

[Event "Staatsliga B - Ost 2002/03"]
[Site "Stockerau, Alte Au - Blabolilheim"]
[Date "2002.03.09"]
[Round "11"]
[Board "1"]
[White "Danner, Georg"]
[Black "Palkovi, Jozsef"]
[Result "1/2-1/2"]
[WhiteElo "2377"]
[BlackElo "2398"]
[PlyCount "45"]

1.d4 Nf6 2.Nf3 e6 3.c4 c5 4.d5 exd5 5.cxd5 d6 6.Nc3 g6 7.e4 a6 8.a4 Bg4 9.Be2
Bxf3 10.Bxf3 Nbd7 11.Bf4 Qe7 12.O-O Bg7 13.Re1 O-O 14.a5 Rfe8 15.b3 h5 16.Qc2
Nh7 17.Be2 Bd4 18.Bf1 Bf6 19.Qd2 g5 20.Be3 Be5 21.g3 g4 22.Bg2 Reb8 23.Rf1

[Event "Staatsliga B - Ost 2002/03"]
[Site "Stockerau, Alte Au - Blabolilheim"]
[Date "2002.03.09"]
[Round "11"]
[Board "2"]
[White "Rumpl, Erwin"]
[Black "Brod, Manfred"]
[Result "1/2-1/2"]
[WhiteElo "2245"]
[BlackElo "2237"]
[PlyCount "56"]

1.Nf3 c5 2.c4 Nc6 3.g3 g6 4.Bg2 Bg7 5.Nc3 e6 6.O-O Nge7 7.e3 O-O 8.d4 d6 9.d5
Na5 10.Nd2 Rb8 11.a4 a6 12.e4 exd5 13.cxd5 b5 14.axb5 axb5 15.Qc2 c4 16.Nf3 Nb3
17.Ra7 Nxc1 18.Qxc1 Bd7 19.Qd2 Re8 20.Nd4 Qb6 21.Rxd7 Bxd4 22.Ne2 Be5 23.Qb4 Ra8
24.Nc3 Ra5 25.Kh1 Nc8 26.f4 Bd4 27.Ne2 Bg7 28.e5 Ra4

[Event "Staatsliga B - Ost 2002/03"]
[Site "Stockerau, Alte Au - Blabolilheim"]
[Date "2002.03.09"]
[Round "11"]
[Board "3"]
[White "Salamon, Werner"]
[Black "Gugler, Edgar"]
[Result "1/2-1/2"]
[WhiteElo "2187"]
[BlackElo "2225"]
[PlyCount "41"]

1.e4 c6 2.c4 d5 3.exd5 cxd5 4.cxd5 Nf6 5.Nc3 g6 6.Qb3 Bg7 7.g3 O-O 8.Bg2 Nbd7
9.d4 Nb6 10.Nge2 Bf5 11.O-O Bd3 12.Re1 Bc4 13.Qa3 Nbxd5 14.Nxd5 Bxd5 15.Bxd5
Nxd5 16.Bd2 Qb6 17.Rac1 Rfc8 18.b3 Rxc1 19.Rxc1 Qe6 20.Re1 Qe4 21.Qc5

[Event "Staatsliga B - Ost 2002/03"]
[Site "Stockerau, Alte Au - Blabolilheim"]
[Date "2002.03.09"]
[Round "11"]
[Board "4"]
[White "Waller, Helmut"]
[Black "Savio, Alfred"]
[Result "1-0"]
[WhiteElo "2175"]
[BlackElo "2066"]
[PlyCount "81"]

1.e4 d5 2.exd5 Nf6 3.d4 Nxd5 4.c4 Nb6 5.Nf3 Bg4 6.Be3 e5 7.Be2 Bb4+ 8.Nc3 Bxc3+
9.bxc3 exd4 10.cxd4 N8d7 11.Rc1 O-O 12.O-O h6 13.h3 Bf5 14.d5 Nf6 15.Nd4 Be4
16.Bf3 Re8 17.Bxe4 Nxe4 18.Qg4 Nf6 19.Qf3 Nbd7 20.Nf5 Ne5 21.Qg3 Nh5 22.Qh4 Qxh4
23.Nxh4 Nd3 24.Rc3 Nhf4 25.Kh2 g5 26.Nf5 Ne5 27.Nxh6+ Kg7 28.Ng4 Nxg4+ 29.hxg4
Ne2 30.Bd2 Nxc3 31.Bxc3+ Kg6 32.f4 gxf4 33.Rxf4 Re3 34.Bd4 Re7 35.Kg3 Rd7
36.Rf6+ Kh7 37.g5 Rd6 38.Rxf7+ Kg6 39.Rg7+ Kf5 40.Kf3 Rg6 41.Rf7+

[Event "Staatsliga B - Ost 2002/03"]
[Site "Stockerau, Alte Au - Blabolilheim"]
[Date "2002.03.09"]
[Round "11"]
[Board "5"]
[White "Wutzlhofer, Robert"]
[Black "Wadsack, Wolfgang"]
[Result "0-1"]
[WhiteElo "2134"]
[BlackElo "2162"]
[PlyCount "80"]

1.d4 d5 2.c4 dxc4 3.e3 e5 4.Bxc4 exd4 5.exd4 Bb4+ 6.Nc3 Nf6 7.Nge2 O-O 8.O-O Bg4
9.f3 Bh5 10.Bg5 Be7 11.Nf4 Bg6 12.Nxg6 hxg6 13.Re1 Nc6 14.Be3 Na5 15.Bb3 c6
16.a3 Nxb3 17.Qxb3 Qd7 18.Rad1 Nd5 19.Nxd5 cxd5 20.Bf4 Bf6 21.Be5 Rfe8 22.Bxf6
gxf6 23.Qb4 Rac8 24.Rxe8+ Rxe8 25.Re1 Re6 26.Kf2 Kg7 27.Re2 Rxe2+ 28.Kxe2 Qc7
29.Kf2 Qxh2 30.Qxb7 Qh4+ 31.Ke3 Qe1+ 32.Kd3 Qf1+ 33.Kc3 Qc4+ 34.Kd2 Qxd4+ 35.Kc2
Qf2+ 36.Kb1 Qf1+ 37.Ka2 d4 38.Qxa7 d3 39.Qa5 Qd1 40.a4 d2

[Event "Staatsliga B - Ost 2002/03"]
[Site "Stockerau, Alte Au - Blabolilheim"]
[Date "2002.03.09"]
[Round "11"]
[Board "1"]
[White "Polak, Tomas"]
[Black "Tibensky, Robert"]
[Result "1/2-1/2"]
[WhiteElo "2475"]
[BlackElo "2446"]
[PlyCount "93"]

1.d4 Nf6 2.c4 c5 3.d5 b5 4.cxb5 a6 5.bxa6 Bxa6 6.Nc3 g6 7.Nf3 d6 8.g3 Bg7 9.Bg2
O-O 10.Rb1 Nbd7 11.O-O Qa5 12.Bd2 Rfb8 13.Re1 Ng4 14.Qc2 Nge5 15.Nxe5 Nxe5 16.b3
c4 17.Na4 cxb3 18.axb3 Qd8 19.f4 Rc8 20.Qd1 Ng4 21.Bf3 Nf6 22.Be3 Rab8 23.Qd2
Rb7 24.Rec1 Rcb8 25.Qd1 Bb5 26.Nc3 Bd7 27.Bd4 Rb4 28.e3 Bf5 29.Rb2 h5 30.Na2
R4b7 31.Nc3 Rb4 32.Na2 R4b7 33.Rc4 Qd7 34.Nc3 Bg4 35.b4 Ra8 36.b5 Re8 37.b6 e5
38.dxe6 fxe6 39.Bxg4 Nxg4 40.Qf3 d5 41.Rc5 Ra8 42.Qd1 Ra6 43.Qd3 Ra1+ 44.Rb1
Rxb1+ 45.Nxb1 Bxd4 46.exd4 Kf7 47.Qb5

[Event "Staatsliga B - Ost 2002/03"]
[Site "Stockerau, Alte Au - Blabolilheim"]
[Date "2002.03.09"]
[Round "11"]
[Board "2"]
[White "Banas, Jan"]
[Black "Groetz, Harald"]
[Result "1/2-1/2"]
[WhiteElo "2365"]
[BlackElo "2322"]
[PlyCount "49"]

1.Nf3 Nf6 2.g3 g6 3.b3 Bg7 4.Bb2 O-O 5.Bg2 d6 6.d4 c5 7.c4 cxd4 8.Nxd4 d5 9.cxd5
Nxd5 10.O-O Na6 11.Na3 Re8 12.Nc4 Nb6 13.Rc1 Nxc4 14.Rxc4 Qb6 15.Qa1 Bg4 16.h3
Bd7 17.Nf5 Bxb2 18.Nh6+ Kg7 19.Qxb2+ f6 20.Ng4 Rac8 21.Ne3 Be6 22.Rxc8 Rxc8
23.Rd1 Nb4 24.Rd2 a5 25.h4

[Event "Staatsliga B - Ost 2002/03"]
[Site "Stockerau, Alte Au - Blabolilheim"]
[Date "2002.03.09"]
[Round "11"]
[Board "3"]
[White "Hangweyrer, Manfred"]
[Black "Wallner, Joachim"]
[Result "1-0"]
[WhiteElo "2315"]
[BlackElo "2297"]
[PlyCount "83"]

1.Nf3 Nf6 2.g3 b6 3.Bg2 Bb7 4.d3 e6 5.O-O Be7 6.e4 d6 7.Ne1 Qc8 8.Nc3 c5 9.f4
Nc6 10.f5 exf5 11.Rxf5 Nd4 12.Rf1 Qe6 13.Nf3 Nxf3+ 14.Qxf3 O-O 15.Qf5 Qxf5
16.Rxf5 Rab8 17.Bd2 Bc8 18.Rff1 Be6 19.d4 Rfd8 20.Rae1 Nd7 21.Nb5 Ne5 22.Nc7 Bf6
23.Bc3 Rb7 24.Nxe6 fxe6 25.Bh3 Re7 26.Kg2 Rf8 27.Bd2 Nc6 28.Bf4 Rd8 29.c3 Kf7
30.Re2 Ke8 31.g4 Kd7 32.g5 Be5 33.Be3 Kc7 34.Ref2 d5 35.Rf7 Kd6 36.exd5 exd5
37.Rxe7 Kxe7 38.Re1 Kd6 39.Bf2 Rf8 40.Bg3 Re8 41.b4 Re7 42.Rxe5

[Event "Staatsliga B - Ost 2002/03"]
[Site "Stockerau, Alte Au - Blabolilheim"]
[Date "2002.03.09"]
[Round "11"]
[Board "4"]
[White "Fusi, Christoph"]
[Black "Stanivukovic, Drago"]
[Result "1/2-1/2"]
[WhiteElo "2297"]
[BlackElo "2196"]
[PlyCount "115"]

1.e4 c5 2.Nf3 d6 3.d4 cxd4 4.Nxd4 Nf6 5.Nc3 a6 6.Be3 e6 7.f3 Be7 8.Qd2 b5
9.O-O-O O-O 10.g4 Bb7 11.h4 Nbd7 12.h5 Ne5 13.g5 b4 14.Na4 Nfd7 15.Qh2 Bxg5
16.Bxg5 Qxg5+ 17.f4 Qh6 18.Bg2 Rac8 19.b3 Ng4 20.Qg3 Ngf6 21.Qe3 Nc5 22.Nxc5
Rxc5 23.Ne2 Rfc8 24.Rxd6 Rxc2+ 25.Kb1 Rxe2 26.Qxe2 Qxf4 27.Rhd1 h6 28.Rd8+ Rxd8
29.Rxd8+ Kh7 30.Rd4 a5 31.Rc4 Ba6 32.e5 Qf5+ 33.Kb2 Bxc4 34.bxc4 Qxh5 35.Qc2+ g6
36.exf6 Qe5+ 37.Kb1 Qe1+ 38.Qc1 Qf2 39.Be4 Qxf6 40.c5 Qd4 41.Qc2 a4 42.c6 b3
43.axb3 axb3 44.Qe2 f5 45.Bf3 Qc3 46.Qd1 b2 47.Bg2 Kg8 48.Qc2 Qe1+ 49.Kxb2 Qe5+
50.Kb3 Qb5+ 51.Kc3 Qe5+ 52.Kd2 Qa5+ 53.Ke2 Qe5+ 54.Kf1 Qf4+ 55.Kg1 Qd4+ 56.Qf2
Qd1+ 57.Kh2 Qd6+ 58.Qg3

[Event "Staatsliga B - Ost 2002/03"]
[Site "Stockerau, Alte Au - Blabolilheim"]
[Date "2002.03.09"]
[Round "11"]
[Board "5"]
[White "Batyte, Daiva"]
[Black "Zetthofer, Gerald"]
[Result "1/2-1/2"]
[WhiteElo "2166"]
[BlackElo "2258"]
[PlyCount "96"]

1.e4 e6 2.d4 d5 3.e5 c5 4.c3 Qb6 5.Nf3 Bd7 6.Be2 Bb5 7.c4 Bxc4 8.Bxc4 dxc4 9.d5
exd5 10.Qxd5 Ne7 11.Qxc4 Nbc6 12.O-O Qb4 13.Qe2 Rd8 14.Nc3 Nd5 15.e6 f6 16.Nxd5
Rxd5 17.Bd2 Qa4 18.b3 Qa6 19.Qxa6 bxa6 20.Bf4 g5 21.Be3 Bd6 22.Rad1 Rxd1 23.Rxd1
Ke7 24.Nd2 Nd4 25.Ne4 Kxe6 26.b4 Nf5 27.Bxc5 Rd8 28.Nxd6 Nxd6 29.Bxa7 Rc8 30.Bc5
Ne4 31.Be3 Rc2 32.a4 Nc3 33.Rd3 Nxa4 34.h4 Rc4 35.hxg5 fxg5 36.Rb3 g4 37.Bd2 Rc2
38.Be3 Rb2 39.Rxb2 Nxb2 40.Kh2 Nd3 41.Kg3 Kf5 42.Bd2 h5 43.f3 Ne5 44.fxg4+ hxg4
45.Bf4 Nd3 46.Bd6 Ke6 47.Bf8 Kf7 48.Bd6 Ke6

[Event "Staatsliga B - Ost 2002/03"]
[Site "Stockerau, Alte Au - Blabolilheim"]
[Date "2002.03.09"]
[Round "11"]
[Board "6"]
[White "Franzen, Jozef"]
[Black "Schirmbeck, Hannes"]
[Result "1-0"]
[WhiteElo "2293"]
[BlackElo "2144"]
[PlyCount "71"]

1.c4 Nf6 2.g3 e5 3.b3 d5 4.Bb2 Nc6 5.Bg2 Bc5 6.cxd5 Nxd5 7.Nc3 Be6 8.Nf3 O-O
9.O-O Nxc3 10.Bxc3 Qd6 11.Nxe5 Nxe5 12.d4 Nd7 13.dxc5 Qxc5 14.Rc1 Qb6 15.Qc2 c6
16.Rfd1 Rad8 17.Qe4 Qc7 18.Qd4 Nf6 19.Qxa7 Ra8 20.Qe3 Rxa2 21.Be5 Qa5 22.Bxf6
gxf6 23.Be4 Qg5 24.f4 Qb5 25.Rc3 Rb2 26.Qf2 Qh5 27.h4 Ra8 28.Bf3 Qb5 29.g4 Rxb3
30.Rxb3 Qxb3 31.Qd4 Ra3 32.g5 f5 33.h5 Bd5 34.h6 Kf8 35.Bxd5 Qxd5 36.Qb4+